[Event "FIDE Womens World Cup 2021"]
[Site "Sochi"]
[Date "2021.07.14"]
[Round "1.5"]
[White "Narva, Mai"]
[Black "Mammadova, Gulnar"]
[Result "1-0"]
[WhiteElo "2276"]
[BlackElo "2385"]
[Annotator "ChessBase"]
[PlyCount "133"]
[EventDate "2021.07.12"]
[EventType "k.o."]
[EventCountry "RUS"]
[SourceTitle "playchess.com"]
[Source "ChessBase"]
[SourceQuality "1"]
[TimeControl "600+10"]

1. e4 {[%emt 0:00:02]} e5 {[%emt 0:00:01]} 2. Nf3 {[%emt 0:00:03]} Nc6 {[%emt 0:00:05]} 3. Nc3 {[%emt 0:00:02]} Nf6 {[%emt 0:00:04]} 4. g3 {[%emt 0:00:02]} d5 {[%emt 0:00:03]} 5. exd5 {[%emt 0:00:02]} Nxd5 {[%emt 0:00:02]} 6. Bg2 {[%emt 0:00:02]} Nxc3 {[%emt 0:00:08]} 7. bxc3 {[%emt 0:00:02]} Bc5 {[%emt 0:00:14]} 8. O-O {[%emt 0:00:04]} O-O {[%emt 0:00:03]} 9. d3 {[%emt 0:00:01]} h6 {[%emt 0:00:53]} 10. Rb1 {[%emt 0:02:57]} Re8 {[%emt 0:00:39]} 11. Re1 {[%emt 0:00:53]} Bb6 {[%emt 0:00:27]} 12. h3 {[%emt 0:00:52]} Bf5 {[%emt 0:02:08]} 13. Nd2 {[%emt 0:02:24]} Qd7 {[%emt 0:01:18]} 14. Qh5 {[%emt 0:00:36]} Bg6 {[%emt 0:00:33]} 15. Qh4 {[%emt 0:00:34]} Qe7 {[%emt 0:01:46]} 16. Qa4 {[%emt 0:01:42]} Qc5 {[%emt 0:00:33]} 17. Rf1 {[%emt 0:00:38]} Qxc3 {[%emt 0:00:38]} 18. Nc4 {[%emt 0:01:26]} Nd4 {[%emt 0:00:07]} 19. Bxb7 {[%emt 0:00:28]} Rab8 {[%emt 0:00:21]} 20. Bc6 {[%emt 0:00:19]} Nxc6 {[%emt 0:01:08]} 21. Bd2 {[%emt 0:00:18]} Bxf2+ {[%emt 0:00:48]} 22. Kg2 {[%emt 0:00:04]} Qd4 {[%emt 0:01:09]} 23. Rxb8 {[%emt 0:00:04]} Qd5+ {[%emt 0:00:20]} 24. Kxf2 {[%emt 0:00:02]} Rxb8 {[%emt 0:00:01]} 25. Bc3 {[%emt 0:00:31]} e4 {[%emt 0:00:26]} 26. Ne3 {[%emt 0:00:06]} Qc5 {[%emt 0:00:05]} 27. Qc4 {[%emt 0:00:09]} Qxc4 {[%emt 0:00:17]} 28. dxc4 {[%emt 0:00:02]} Nd8 {[%emt 0:00:14]} 29. Nd5 {[%emt 0:00:13]} Ne6 {[%emt 0:00:11]} 30. Ne7+ {[%emt 0:00:02]} Kh7 {[%emt 0:00:03]} 31. Ke3 {[%emt 0:00:19]} Re8 {[%emt 0:00:16]} 32. Nc6 {[%emt 0:00:12]} f5 {[%emt 0:00:13]} 33. a4 {[%emt 0:00:10]} a6 34. Rd1 {[%emt 0:00:10]} Ng5 {[%emt 0:00:21]} 35. Rd7 {[%emt 0:00:04]} Ne6 {[%emt 0:00:10]} 36. Nd4 {[%emt 0:00:03]} Kg8 {[%emt 0:00:13]} 37. Nxe6 {[%emt 0:00:03]} Rxe6 {[%emt 0:00:01]} 38. Rxg7+ {[%emt 0:00:05]} Kf8 {[%emt 0:00:00]} 39. Rxc7 {[%emt 0:00:04]} Ke8 {[%emt 0:00:01]} 40. c5 {[%emt 0:00:19]} Bf7 {[%emt 0:00:16]} 41. c6 {[%emt 0:00:37]} Kf8 {[%emt 0:00:01]} 42. Rc8+ {[%emt 0:00:10]} Be8 {[%emt 0:00:09]} 43. c7 {[%emt 0:00:08]} Rc6 {[%emt 0:00:01]} 44. Be5 {[%emt 0:00:01]} Ke7 {[%emt 0:00:10]} 45. Rd8 {[%emt 0:00:19]} Bd7 {[%emt 0:00:01]} 46. c3 {[%emt 0:00:02]} Ke6 {[%emt 0:00:07]} 47. Bf4 {[%emt 0:00:20]} Rxc3+ {[%emt 0:00:02]} 48. Kd4 {[%emt 0:00:04]} Rc6 {[%emt 0:00:24]} 49. Rh8 Ke7 {[%emt 0:00:20]} 50. Rh7+ {[%emt 0:00:23]} Ke8 {[%emt 0:00:05]} 51. a5 {[%emt 0:00:10]} Be6 {[%emt 0:00:42]} 52. Rxh6 {[%emt 0:00:09]} Kd7 {[%emt 0:00:18]} 53. Rh8 {[%emt 0:00:05]} Ke7 {[%emt 0:00:06]} 54. h4 {[%emt 0:00:10]} Rc4+ {[%emt 0:00:02]} 55. Ke3 {[%emt 0:00:06]} Rc3+ {[%emt 0:00:04]} 56. Kd2 {[%emt 0:00:03]} Rc6 {[%emt 0:00:22]} 57. h5 {[%emt 0:00:16]} Kf7 {[%emt 0:00:11]} 58. Rh7+ {[%emt 0:00:18]} Kf6 {[%emt 0:00:16]} 59. h6 {[%emt 0:00:11]} e3+ {[%emt 0:00:11]} 60. Kxe3 {[%emt 0:00:07]} Rc3+ {[%emt 0:00:03]} 61. Kd4 {[%emt 0:00:03]} Rc4+ {[%emt 0:00:01]} 62. Kd3 {[%emt 0:00:02]} Rc6 {[%emt 0:00:07]} 63. Rh8 {[%emt 0:00:31]} Kg6 {[%emt 0:00:13]} 64. h7 {[%emt 0:00:03]} Kg7 {[%emt 0:00:06]} 65. Re8 {[%emt 0:00:16]} Bc4+ {[%emt 0:00:09]} 66. Kd4 {[%emt 0:00:02]} Kxh7 {[%emt 0:00:02]} 67. c8=Q {[%emt 0:00:04]} 1-0

[Event "FIDE Womens World Cup 2021"]
[Site "Sochi"]
[Date "2021.07.12"]
[Round "1.5"]
[White "Moaataz, Ayah"]
[Black "Ushenina, Anna"]
[Result "1-0"]
[WhiteElo "2015"]
[BlackElo "2429"]
[Annotator "NA"]
[PlyCount "81"]
[EventDate "2021.07.12"]
[EventType "k.o."]
[EventCountry "RUS"]
[SourceTitle "playchess.com"]
[Source "ChessBase"]
[SourceQuality "1"]
[TimeControl "40/5400+30:1800+30"]

1. c4 {[%emt 0:00:05]} e6 {[%emt 0:00:23]} 2. g3 {[%emt 0:00:12]} d5 {[%emt 0:00:30]} 3. Nf3 {[%emt 0:00:53]} dxc4 {[%emt 0:01:37]} 4. Bg2 {[%emt 0:01:20]} a6 {[%emt 0:01:06]} 5. a4 {[%emt 0:03:46]} Nc6 {[%emt 0:00:17]} 6. Na3 {[%emt 0:01:38]} e5 {[%emt 0:02:13]} 7. Nxc4 {[%emt 0:02:55]} e4 {[%emt 0:00:51]} 8. Ng1 {[%emt 0:03:24]} Be6 {[%emt 0:39:49]} 9. b3 {[%emt 0:06:27]} b5 $11 {[%emt 0:01:39]} (9... Nf6 $15) 10. Ne3 {[%emt 0:10:11]} Nd4 {[%emt 0:01:48]} 11. Bxe4 {[%emt 0:06:48]} Nf6 {[%emt 0:06:39]} 12. Bc2 {[%emt 0:02:09]} Bb4 {[%emt 0:10:10]} 13. Bb2 {[%emt 0:09:44]} O-O {[%emt 0:01:19]} 14. f4 {[%emt 0:08:29]} Re8 {[%emt 0:03:53]} 15. axb5 {[%emt 0:15:53]} Nxc2+ {[%emt 0:13:53]} 16. Qxc2 {[%emt 0:00:18]} Bd5 {[%emt 0:00:33]} 17. Ra4 {[%emt 0:03:18]} Be4 {[%emt 0:06:31]} 18. Qc1 {[%emt 0:05:09]} a5 {[%emt 0:00:32]} 19. Rxb4 {[%emt 0:00:39]} axb4 {[%emt 0:00:01]} 20. Nf3 {[%emt 0:00:07]} Rb8 {[%emt 0:02:08]} 21. Be5 {[%emt 0:07:26]} Rxb5 {[%emt 0:02:49]} 22. O-O {[%emt 0:00:38]} Rb7 {[%emt 0:00:47]} 23. Ng5 {[%emt 0:01:45]} Bd5 {[%emt 0:01:03]} 24. Qb2 {[%emt 0:00:44]} h6 {[%emt 0:00:25]} 25. Nf3 {[%emt 0:00:43]} Bxf3 {[%emt 0:00:16]} 26. exf3 {[%emt 0:00:20]} Re6 {[%emt 0:00:56]} 27. Rc1 {[%emt 0:01:08]} Qd3 {[%emt 0:00:20]} 28. Kf2 {[%emt 0:03:02]} Ne8 {[%emt 0:01:00]} 29. Rc5 {[%emt 0:01:11]} f6 {[%emt 0:00:33]} 30. Rd5 {[%emt 0:00:20]} Qa6 {[%emt 0:00:02]} 31. Bd4 {[%emt 0:00:11]} Nd6 {[%emt 0:01:10]} 32. f5 {[%emt 0:00:45]} Re7 {[%emt 0:00:29]} 33. Bxf6 {[%emt 0:00:19]} gxf6 {[%emt 0:00:15]} 34. Rd4 {[%emt 0:01:05]} Nxf5 {[%emt 0:00:37]} 35. Rd8+ {[%emt 0:01:00]} Kf7 {[%emt 0:00:09]} 36. Qc2 {[%emt 0:00:58]} Ng7 {[%emt 0:00:11]} 37. Qh7 {[%emt 0:00:11]} c5 {[%emt 0:01:20]} 38. f4 {[%emt 0:00:53]} Rbd7 {[%emt 0:00:11]} 39. Qg8+ {[%emt 0:00:16]} Kg6 {[%emt 0:00:01]} 40. f5+ {[%emt 0:00:24]} Kh5 {[%emt 0:01:06]} 41. Qh7 {[%emt 0:30:23]} 1-0

[Event "FIDE Womens World Cup 2021"]
[Site "Sochi"]
[Date "2021.07.12"]
[Round "1.6"]
[White "Munguntuul, Batkhuyag"]
[Black "Omonova, Umida"]
[Result "1/2-1/2"]
[WhiteElo "2428"]
[BlackElo "2035"]
[Annotator "NA"]
[PlyCount "87"]
[EventDate "2021.07.12"]
[EventType "k.o."]
[EventCountry "RUS"]
[SourceTitle "playchess.com"]
[Source "ChessBase"]
[SourceQuality "1"]
[TimeControl "40/5400+30:1800+30"]

1. e4 {[%emt 0:00:03]} e5 {[%emt 0:00:17]} 2. Nf3 {[%emt 0:00:08]} Nc6 {[%emt 0:00:21]} 3. Bb5 {[%emt 0:00:15]} Nf6 {[%emt 0:00:57]} 4. d3 {[%emt 0:00:52]} Bc5 {[%emt 0:01:28]} 5. O-O {[%emt 0:06:29]} Nd4 {[%emt 0:13:42]} 6. Nxd4 {[%emt 0:03:37]} Bxd4 {[%emt 0:00:11]} 7. c3 {[%emt 0:11:48]} Bb6 {[%emt 0:01:26]} 8. Nd2 {[%emt 0:12:09]} O-O {[%emt 0:03:03]} 9. Nc4 {[%emt 0:06:05]} d5 {[%emt 0:08:56]} 10. Nxb6 {[%emt 0:16:42]} axb6 {[%emt 0:01:00]} 11. Qc2 {[%emt 0:05:29]} Bd7 {[%emt 0:05:10]} 12. Bxd7 {[%emt 0:00:07]} Qxd7 {[%emt 0:00:05]} 13. Bg5 {[%emt 0:00:23]} Ne8 $11 {[%emt 0:00:23]} 14. Qb3 {[%emt 0:04:35]} dxe4 {[%emt 0:10:13]} 15. dxe4 {[%emt 0:00:09]} Nd6 {[%emt 0:00:05]} 16. Rfd1 {[%emt 0:01:55]} h6 {[%emt 0:10:06]} 17. Bh4 {[%emt 0:03:55]} Ra5 {[%emt 0:05:59]} 18. f3 {[%emt 0:02:31]} Rfa8 {[%emt 0:02:39]} 19. Rd5 {[%emt 0:08:37]} Rxd5 {[%emt 0:04:48]} 20. Qxd5 {[%emt 0:00:06]} Ra5 {[%emt 0:00:26]} 21. Qd2 {[%emt 0:01:47]} f6 {[%emt 0:03:40]} 22. b3 {[%emt 0:01:37]} Qc6 {[%emt 0:02:05]} 23. Bf2 {[%emt 0:03:34]} Kf8 {[%emt 0:01:32]} 24. Rd1 {[%emt 0:00:21]} Ra8 {[%emt 0:01:21]} 25. c4 {[%emt 0:04:34]} Nf7 {[%emt 0:03:28]} 26. Qb4+ {[%emt 0:02:30]} Ke8 {[%emt 0:01:20]} 27. a4 {[%emt 0:00:44]} Nd8 {[%emt 0:01:21]} 28. Be3 {[%emt 0:00:38]} Qe6 {[%emt 0:02:53]} 29. Rd5 {[%emt 0:02:04]} Nc6 {[%emt 0:01:01]} 30. Qc3 {[%emt 0:00:21]} Ne7 {[%emt 0:00:17]} 31. Rd3 {[%emt 0:00:12]} Rd8 {[%emt 0:00:33]} 32. Kf2 {[%emt 0:00:42]} g5 {[%emt 0:01:36]} 33. Qd2 {[%emt 0:00:40]} Rxd3 {[%emt 0:02:26]} 34. Qxd3 {[%emt 0:00:02]} h5 {[%emt 0:00:40]} 35. Qd1 {[%emt 0:01:32]} Qd7 {[%emt 0:02:02]} 36. Qxd7+ {[%emt 0:00:11]} Kxd7 {[%emt 0:00:01]} 37. Ke2 {[%emt 0:00:34]} Nc6 {[%emt 0:02:36]} 38. Kd3 {[%emt 0:00:08]} Nb4+ {[%emt 0:02:31]} 39. Kc3 {[%emt 0:00:07]} c5 {[%emt 0:00:36]} 40. a5 {[%emt 0:00:45]} Kc6 {[%emt 0:00:46]} 41. axb6 {[%emt 0:30:10]} h4 {[%emt 0:30:16]} 42. Bf2 {[%emt 0:00:00]} Kxb6 {[%emt 0:00:00]} 43. Kd2 {[%emt 0:00:00]} Kc6 {[%emt 0:00:00]} 44. Kc3 {[%emt 0:00:00]} 1/2-1/2

[Event "FIDE Womens World Cup 2021"]
[Site "Sochi"]
[Date "2021.07.14"]
[Round "1.6"]
[White "Mammadova, Gulnar"]
[Black "Narva, Mai"]
[Result "1-0"]
[WhiteElo "2385"]
[BlackElo "2276"]
[Annotator "ChessBase"]
[PlyCount "189"]
[EventDate "2021.07.12"]
[EventType "k.o."]
[EventCountry "RUS"]
[SourceTitle "playchess.com"]
[Source "ChessBase"]
[SourceQuality "1"]
[TimeControl "600+10"]

1. d4 {[%emt 0:00:31]} g6 {[%emt 0:00:03]} 2. Nf3 {[%emt 0:00:15]} Bg7 {[%emt 0:00:16]} 3. Bf4 {[%emt 0:00:25]} c5 {[%emt 0:01:22]} 4. e3 {[%emt 0:00:54]} cxd4 {[%emt 0:01:30]} 5. exd4 {[%emt 0:00:04]} d6 {[%emt 0:01:25]} 6. Be2 {[%emt 0:01:11]} Nf6 {[%emt 0:00:35]} 7. O-O {[%emt 0:00:13]} O-O {[%emt 0:00:09]} 8. c4 {[%emt 0:00:04]} Nh5 {[%emt 0:01:13]} 9. Be3 {[%emt 0:00:05]} e5 {[%emt 0:00:54]} 10. Nc3 {[%emt 0:00:15]} Nd7 {[%emt 0:00:34]} 11. dxe5 {[%emt 0:00:45]} dxe5 {[%emt 0:00:07]} 12. Qd6 {[%emt 0:00:07]} Qf6 {[%emt 0:00:43]} 13. Rfd1 {[%emt 0:00:41]} e4 {[%emt 0:00:54]} 14. Ng5 {[%emt 0:01:48]} Qxd6 {[%emt 0:00:07]} 15. Rxd6 {[%emt 0:00:01]} Be5 {[%emt 0:00:45]} 16. Rd5 {[%emt 0:00:13]} Nhf6 {[%emt 0:00:18]} 17. Rd2 {[%emt 0:00:02]} Bxc3 {[%emt 0:00:38]} 18. bxc3 {[%emt 0:00:01]} h6 {[%emt 0:00:08]} 19. Nh3 {[%emt 0:00:01]} g5 {[%emt 0:00:47]} 20. Rd6 {[%emt 0:00:36]} Re8 {[%emt 0:00:28]} 21. Rad1 {[%emt 0:00:40]} Re6 {[%emt 0:00:05]} 22. c5 {[%emt 0:00:10]} Ne5 {[%emt 0:00:19]} 23. Bd4 {[%emt 0:01:02]} Rxd6 {[%emt 0:00:19]} 24. cxd6 {[%emt 0:00:02]} Bxh3 {[%emt 0:00:15]} 25. Bxe5 {[%emt 0:01:49]} Nd7 {[%emt 0:00:04]} 26. Bd4 {[%emt 0:02:03]} Bf5 {[%emt 0:00:17]} 27. Bc4 {[%emt 0:00:22]} Rc8 {[%emt 0:00:13]} 28. Bd5 {[%emt 0:00:01]} b6 {[%emt 0:00:02]} 29. Re1 {[%emt 0:00:08]} Nc5 {[%emt 0:00:10]} 30. c4 {[%emt 0:00:29]} Rd8 {[%emt 0:00:10]} 31. Bxc5 {[%emt 0:00:08]} bxc5 {[%emt 0:00:01]} 32. g4 {[%emt 0:00:10]} Bxg4 {[%emt 0:00:09]} 33. Rxe4 {[%emt 0:00:01]} Bf3 {[%emt 0:00:25]} 34. Re5 {[%emt 0:00:01]} Bxd5 {[%emt 0:00:04]} 35. Rxd5 {[%emt 0:00:01]} Kg7 {[%emt 0:00:06]} 36. Kf1 {[%emt 0:00:17]} Kf6 {[%emt 0:00:01]} 37. Ke2 {[%emt 0:00:01]} Ke6 {[%emt 0:00:04]} 38. Rxc5 {[%emt 0:00:04]} Rxd6 {[%emt 0:00:02]} 39. Ra5 {[%emt 0:00:04]} a6 {[%emt 0:00:10]} 40. Rc5 {[%emt 0:00:03]} f5 {[%emt 0:00:26]} 41. a4 {[%emt 0:00:03]} h5 {[%emt 0:00:16]} 42. a5 {[%emt 0:00:02]} h4 {[%emt 0:00:04]} 43. Rc8 {[%emt 0:00:02]} g4 {[%emt 0:00:16]} 44. Ke3 {[%emt 0:00:31]} Ke7 {[%emt 0:00:23]} 45. Rb8 {[%emt 0:00:14]} Kd7 {[%emt 0:00:08]} 46. Rb7+ {[%emt 0:00:34]} Kc8 {[%emt 0:00:12]} 47. Rf7 {[%emt 0:00:03]} Re6+ {[%emt 0:00:08]} 48. Kd4 {[%emt 0:00:14]} Re4+ {[%emt 0:00:08]} 49. Kd5 {[%emt 0:00:00]} g3 {[%emt 0:00:14]} 50. fxg3 {[%emt 0:00:11]} hxg3 {[%emt 0:00:02]} 51. hxg3 {[%emt 0:00:05]} Rg4 {[%emt 0:00:03]} 52. Rxf5 {[%emt 0:00:35]} Rxg3 {[%emt 0:00:01]} 53. Kc5 {[%emt 0:00:16]} Rg6 {[%emt 0:00:10]} 54. Rf8+ {[%emt 0:00:07]} Kc7 {[%emt 0:00:04]} 55. Rf7+ {[%emt 0:00:01]} Kc8 {[%emt 0:00:03]} 56. Rf5 {[%emt 0:00:05]} Kc7 {[%emt 0:00:05]} 57. Rh5 {[%emt 0:00:01]} Rf6 {[%emt 0:00:12]} 58. Rh7+ {[%emt 0:00:19]} Kc8 {[%emt 0:00:01]} 59. Rg7 {[%emt 0:00:05]} Rh6 {[%emt 0:00:04]} 60. Kd5 {[%emt 0:00:02]} Rh5+ {[%emt 0:00:30]} 61. Kd6 {[%emt 0:00:05]} Rh6+ {[%emt 0:00:10]} 62. Kc5 {[%emt 0:00:01]} Rh5+ {[%emt 0:00:19]} 63. Kb4 {[%emt 0:00:26]} Rh4 {[%emt 0:00:32]} 64. Re7 {[%emt 0:00:21]} Rh6 {[%emt 0:00:05]} 65. Kc5 {[%emt 0:00:03]} Rg6 {[%emt 0:00:17]} 66. Kd5 {[%emt 0:00:05]} Rg5+ {[%emt 0:00:12]} 67. Kd6 {[%emt 0:00:22]} Rg6+ {[%emt 0:00:09]} 68. Re6 {[%emt 0:00:02]} Rg1 {[%emt 0:00:04]} 69. Kc6 {[%emt 0:00:13]} Kb8 {[%emt 0:00:14]} 70. c5 {[%emt 0:00:11]} Rb1 {[%emt 0:00:13]} 71. Kd7 {[%emt 0:00:21]} Rd1+ {[%emt 0:00:06]} 72. Rd6 {[%emt 0:00:10]} Rh1 {[%emt 0:00:13]} 73. Rxa6 {[%emt 0:00:04]} Rh7+ {[%emt 0:00:11]} 74. Kc6 {[%emt 0:00:01]} Rh6+ {[%emt 0:00:11]} 75. Kb5 {[%emt 0:00:01]} Rh1 {[%emt 0:00:01]} 76. Rg6 {[%emt 0:00:04]} Rb1+ {[%emt 0:00:12]} 77. Kc6 {[%emt 0:00:03]} Ra1 {[%emt 0:00:06]} 78. Rg7 {[%emt 0:00:34]} Ra2 {[%emt 0:00:16]} 79. Rg6 {[%emt 0:00:20]} Ra1 {[%emt 0:00:03]} 80. Kd7 {[%emt 0:00:11]} Rd1+ {[%emt 0:00:21]} 81. Rd6 {[%emt 0:00:10]} Rh1 {[%emt 0:00:02]} 82. Rb6+ {[%emt 0:00:28]} Ka7 {[%emt 0:00:02]} 83. Re6 {[%emt 0:00:13]} Rd1+ {[%emt 0:00:25]} 84. Kc7 {[%emt 0:00:05]} Ra1 {[%emt 0:00:10]} 85. a6 {[%emt 0:00:10]} Rc1 {[%emt 0:00:09]} 86. c6 {[%emt 0:00:06]} Kxa6 {[%emt 0:00:12]} 87. Kb8 {[%emt 0:00:09]} Rb1+ {[%emt 0:00:07]} 88. Ka8 {[%emt 0:00:01]} Kb6 {[%emt 0:00:10]} 89. Kb8 {[%emt 0:00:04]} Ka6+ {[%emt 0:00:13]} 90. Kc8 {[%emt 0:00:01]} Ka7 {[%emt 0:00:09]} 91. Re7+ {[%emt 0:00:30]} Ka8 {[%emt 0:00:08]} 92. c7 {[%emt 0:00:11]} Rd1 {[%emt 0:00:11]} 93. Re2 {[%emt 0:00:12]} Ka7 {[%emt 0:00:04]} 94. Ra2+ {[%emt 0:00:03]} Kb6 {[%emt 0:00:04]} 95. Kb8 {[%emt 0:00:01]} 1-0

[Event "FIDE Womens World Cup 2021"]
[Site "Sochi"]
[Date "2021.07.14"]
[Round "1.6"]
[White "Wafa, Shahenda"]
[Black "Skripchenko, Almira"]
[Result "0-1"]
[WhiteElo "2106"]
[BlackElo "2411"]
[Annotator "ChessBase"]
[PlyCount "82"]
[EventDate "2021.07.12"]
[EventType "k.o."]
[EventCountry "RUS"]
[SourceTitle "playchess.com"]
[Source "ChessBase"]
[SourceQuality "1"]
[TimeControl "600+10"]

1. e4 {[%emt 0:00:02]} d5 {[%emt 0:00:00]} 2. exd5 {[%emt 0:00:04]} Qxd5 {[%emt 0:00:02]} 3. d4 {[%emt 0:00:06]} c6 {[%emt 0:00:11]} 4. Nf3 {[%emt 0:00:11]} Nf6 {[%emt 0:00:18]} 5. Be2 {[%emt 0:00:12]} Bg4 {[%emt 0:00:21]} 6. c4 {[%emt 0:00:19]} Qd8 {[%emt 0:00:01]} 7. O-O {[%emt 0:00:09]} e6 {[%emt 0:00:01]} 8. Nc3 {[%emt 0:00:07]} Be7 {[%emt 0:00:03]} 9. h3 {[%emt 0:00:09]} Bh5 {[%emt 0:00:07]} 10. Be3 {[%emt 0:00:30]} O-O {[%emt 0:00:03]} 11. Ne5 {[%emt 0:00:13]} Bxe2 {[%emt 0:00:09]} 12. Qxe2 {[%emt 0:00:04]} Nbd7 {[%emt 0:00:02]} 13. f4 {[%emt 0:00:06]} Bb4 {[%emt 0:00:28]} 14. Bf2 {[%emt 0:01:28]} Qa5 {[%emt 0:00:30]} 15. Rac1 {[%emt 0:00:19]} Rac8 {[%emt 0:02:07]} 16. a3 {[%emt 0:00:27]} Bxc3 {[%emt 0:00:55]} 17. Rxc3 {[%emt 0:00:07]} Qc7 {[%emt 0:00:42]} 18. g4 {[%emt 0:01:49]} Ne8 {[%emt 0:01:33]} 19. g5 {[%emt 0:00:50]} Nd6 {[%emt 0:01:18]} 20. d5 {[%emt 0:00:28]} Nf5 {[%emt 0:00:15]} 21. Rd1 {[%emt 0:01:36]} Nxe5 {[%emt 0:00:25]} 22. fxe5 {[%emt 0:00:09]} cxd5 {[%emt 0:00:12]} 23. cxd5 {[%emt 0:00:09]} Qe7 {[%emt 0:00:02]} 24. Qg4 {[%emt 0:01:23]} Rxc3 {[%emt 0:00:20]} 25. d6 {[%emt 0:00:20]} Qd7 {[%emt 0:00:15]} 26. bxc3 {[%emt 0:00:02]} b6 {[%emt 0:00:10]} 27. Qb4 {[%emt 0:00:53]} Rc8 {[%emt 0:00:14]} 28. c4 {[%emt 0:00:12]} h5 {[%emt 0:00:18]} 29. c5 {[%emt 0:00:19]} bxc5 {[%emt 0:00:23]} 30. Bxc5 {[%emt 0:00:02]} Qc6 {[%emt 0:00:33]} 31. Bxa7 {[%emt 0:00:48]} Qf3 {[%emt 0:00:11]} 32. Qd2 {[%emt 0:00:18]} Qxh3 {[%emt 0:00:46]} 33. Qg2 {[%emt 0:00:14]} Qxa3 {[%emt 0:00:03]} 34. Bf2 {[%emt 0:00:34]} Qb3 {[%emt 0:00:14]} 35. Ra1 {[%emt 0:00:16]} Kh7 {[%emt 0:00:09]} 36. Re1 {[%emt 0:00:12]} Kg6 {[%emt 0:00:08]} 37. Qh2 {[%emt 0:00:08]} Qf3 {[%emt 0:00:23]} 38. Qg2 {[%emt 0:00:10]} Qb3 {[%emt 0:00:17]} 39. Qe4 {[%emt 0:00:05]} Rc4 {[%emt 0:00:07]} 40. Qe2 {[%emt 0:00:18]} Rg4+ {[%emt 0:00:03]} 41. Kf1 {[%emt 0:00:04]} Qh3# {[%emt 0:00:01]} 0-1

[Event "FIDE Womens World Cup 2021"]
[Site "Sochi"]
[Date "2021.07.14"]
[Round "1.6"]
[White "Demchenko, Svitlana"]
[Black "Cyfka, Karina"]
[Result "1/2-1/2"]
[WhiteElo "2089"]
[BlackElo "2417"]
[Annotator "ChessBase"]
[PlyCount "109"]
[EventDate "2021.07.12"]
[EventType "k.o."]
[EventCountry "RUS"]
[SourceTitle "playchess.com"]
[Source "ChessBase"]
[SourceQuality "1"]
[TimeControl "600+10"]

1. e4 {[%emt 0:00:03]} e5 {[%emt 0:00:02]} 2. Nf3 {[%emt 0:00:01]} Nf6 {[%emt 0:00:01]} 3. Nc3 {[%emt 0:00:02]} Nc6 {[%emt 0:00:02]} 4. d4 {[%emt 0:00:01]} exd4 {[%emt 0:00:02]} 5. Nxd4 {[%emt 0:00:01]} Bb4 {[%emt 0:00:08]} 6. Nxc6 {[%emt 0:00:01]} bxc6 {[%emt 0:00:02]} 7. Bd3 {[%emt 0:00:02]} d5 {[%emt 0:00:05]} 8. exd5 {[%emt 0:00:05]} cxd5 {[%emt 0:00:25]} 9. O-O {[%emt 0:00:02]} O-O {[%emt 0:00:02]} 10. Bg5 {[%emt 0:00:04]} c6 {[%emt 0:00:02]} 11. Qf3 {[%emt 0:00:07]} Bd6 {[%emt 0:00:05]} 12. h3 {[%emt 0:00:17]} Rb8 {[%emt 0:00:03]} 13. Rab1 {[%emt 0:00:09]} h6 {[%emt 0:00:11]} 14. Bh4 {[%emt 0:00:05]} Rb4 {[%emt 0:00:24]} 15. Bg3 {[%emt 0:00:34]} Qc7 {[%emt 0:00:37]} 16. a3 {[%emt 0:00:08]} Rb8 {[%emt 0:00:11]} 17. Ne2 {[%emt 0:00:06]} Nh7 {[%emt 0:01:01]} 18. h4 {[%emt 0:00:43]} Nf6 {[%emt 0:00:07]} 19. Bf4 {[%emt 0:00:53]} Ng4 {[%emt 0:01:35]} 20. Qg3 {[%emt 0:00:30]} Bxf4 {[%emt 0:02:49]} 21. Nxf4 {[%emt 0:00:02]} Qd6 {[%emt 0:01:02]} 22. h5 {[%emt 0:01:12]} Bd7 {[%emt 0:00:24]} 23. c4 {[%emt 0:00:38]} Rfe8 {[%emt 0:01:10]} 24. cxd5 {[%emt 0:00:45]} cxd5 {[%emt 0:00:02]} 25. Rfd1 {[%emt 0:00:02]} d4 {[%emt 0:00:36]} 26. b4 {[%emt 0:00:29]} Rbc8 {[%emt 0:00:20]} 27. Be2 {[%emt 0:00:41]} Nf6 {[%emt 0:00:28]} 28. Bd3 {[%emt 0:01:18]} Ne4 {[%emt 0:00:57]} 29. Bxe4 {[%emt 0:00:03]} Rxe4 {[%emt 0:00:03]} 30. Ne2 {[%emt 0:00:09]} Qf6 {[%emt 0:00:17]} 31. Qd3 {[%emt 0:01:09]} Bf5 {[%emt 0:00:24]} 32. Qf3 {[%emt 0:00:01]} Rxe2 {[%emt 0:00:59]} 33. Qxe2 {[%emt 0:00:03]} Bxb1 {[%emt 0:00:01]} 34. Rxb1 {[%emt 0:00:01]} Rd8 {[%emt 0:00:07]} 35. Rd1 {[%emt 0:00:25]} Qf5 {[%emt 0:00:27]} 36. Rd3 {[%emt 0:00:19]} Qe6 {[%emt 0:00:22]} 37. Qd1 {[%emt 0:00:16]} Qe5 {[%emt 0:00:06]} 38. a4 {[%emt 0:00:40]} Qd6 {[%emt 0:00:09]} 39. Qb3 {[%emt 0:00:23]} Qe5 {[%emt 0:00:08]} 40. Qd1 {[%emt 0:00:28]} Qd6 {[%emt 0:00:01]} 41. b5 {[%emt 0:00:01]} Qb4 {[%emt 0:00:09]} 42. Kh2 {[%emt 0:00:40]} Qd6+ {[%emt 0:00:07]} 43. g3 {[%emt 0:00:03]} Qe5 {[%emt 0:00:05]} 44. Re3 {[%emt 0:00:57]} Qf5 {[%emt 0:00:25]} 45. Kg1 {[%emt 0:00:44]} d3 {[%emt 0:00:16]} 46. Qd2 {[%emt 0:00:51]} Qd5 {[%emt 0:00:16]} 47. f3 {[%emt 0:00:21]} Qc4 {[%emt 0:00:10]} 48. Kg2 {[%emt 0:00:07]} Qd5 {[%emt 0:00:21]} 49. g4 {[%emt 0:00:15]} Qc4 {[%emt 0:00:01]} 50. Kg3 {[%emt 0:00:07]} Qc7+ {[%emt 0:00:14]} 51. f4 {[%emt 0:00:18]} Qc2 {[%emt 0:00:01]} 52. Qa5 {[%emt 0:00:19]} Qc8 {[%emt 0:00:10]} 53. Qd2 {[%emt 0:00:17]} Qc2 {[%emt 0:00:01]} 54. Qa5 {[%emt 0:00:27]} Qc8 {[%emt 0:00:04]} 55. Qd2 {[%emt 0:00:23]} 1/2-1/2